<?xml version="1.0" encoding="UTF-8"?>
<record
    xmlns:xsi="http://www.w3.org/2001/XMLSchema-instance"
    xsi:schemaLocation="http://www.loc.gov/MARC21/slim http://www.loc.gov/standards/marcxml/schema/MARC21slim.xsd"
    xmlns="http://www.loc.gov/MARC21/slim">

  <leader>00307nam a2200097Ia 4500</leader>
  <controlfield tag="001">1225009</controlfield>
  <controlfield tag="005">20250827092937.0</controlfield>
  <controlfield tag="008">250824s9999    xx            000 0 und d</controlfield>
  <datafield tag="245" ind1=" " ind2="0">
    <subfield code="a">T&#xDC;RK&#xDC;YE&#xB4;N&#x130;N DER&#x130;N &#x130;KT&#x130;DARI GALATA T&#xDC;RKLER&#x130;         </subfield>
    <subfield code="c">CENAP &#x15E;&#x130;R&#x130;N      </subfield>
  </datafield>
  <datafield tag="260" ind1=" " ind2=" ">
    <subfield code="b">KARATAY AKADEM&#x130; YAYINLARI    </subfield>
  </datafield>
  <datafield tag="999" ind1=" " ind2=" ">
    <subfield code="c">1225009</subfield>
    <subfield code="d">1225009</subfield>
  </datafield>
  <datafield tag="952" ind1=" " ind2=" ">
    <subfield code="0">0</subfield>
    <subfield code="1">0</subfield>
    <subfield code="4">0</subfield>
    <subfield code="7">0</subfield>
    <subfield code="a">1102</subfield>
    <subfield code="b">1102</subfield>
    <subfield code="d">2025-08-24</subfield>
    <subfield code="l">0</subfield>
    <subfield code="p">11024162</subfield>
    <subfield code="r">2025-08-27 09:29:37</subfield>
    <subfield code="w">2025-08-27</subfield>
    <subfield code="y">BK</subfield>
  </datafield>
</record>
